Statistiche per Geografia per immagini - N

Clicka qui per fare il quiz!

Statistiche generali

  • Questo quiz è stato fatto 1.396 volte
  • Il punteggio medio è 10 su 18

Statistiche sulle risposte

Risposta% Corretto
Cascate del {Niagara}
95%
Mar {Nero}
93%
Nepal
83%
Niger
78%
Norvegia
73%
Nilo
69%
Nairobi
66%
Navigli
62%
Normandia
61%
Namib
52%
{Nuova} {Guinea}
45%
{New} {Orleans}
42%
Nicaragua
42%
{Nottingham}shire
37%
Nizza
35%
Nouakchott
35%
{Nuova} {Scozia}
35%
Novara
26%

Distribuzione punteggi

Percentile per numero di risposta

Percentuale di utenti per punteggio

I tuoi punteggi nel tempo

Non hai fatto questo quiz